| 000 | 00739nam a2200229 a 4500 | ||
|---|---|---|---|
| 999 |
_c11641 _d11641 |
||
| 001 | 11641 | ||
| 003 | BD-JhCC | ||
| 005 | 20200713102630.0 | ||
| 008 | 200713b20152019bg |||| ||a| 000 0 ben d | ||
| 020 | _a9847012003916 | ||
| 035 | _a(BD-JhCC)11641 | ||
| 040 |
_aBD-JhCC _dBD-JhCC |
||
| 041 | _aben | ||
| 082 |
_a920.23 _bJON 2019 |
||
| 245 |
_aজনকের মুখ: _bবঙ্গবন্ধুকে নিয়ে লেখা ছোটগল্প / _cসম্পা: আখতার হুসেন । |
||
| 260 |
_aঢাকা: _bকথাপ্রকাশ; _c২০১৯. |
||
| 300 |
_a471 p. : _c24 cm |
||
| 650 | _a Biogarphy | ||
| 700 | _aহুসেন , আখতার | ||
| 942 |
_2ddc _cBK |
||